00571nam a2200169 a 4500008004100000020001800041050002000059100001800079245013700097260003200234300001400266650003100280650002100311650003900332650001100371650001900382210929s2021 ||||||||||||||||| || u a9798503056013 aZAM HD 9999 Mpo aMpoha, Clever14aThe business mind of Clever Mposha : the group MD who built SAVENDA GROUP OF COMPANIES into an African conglomeratecby Clever Mpoha aLusakabSavenda Groupc2021 a181 pages aSAVENDA GROUP OF COMPANIES 0aENTREPRENEURSHIP aBUSINESSMEN--ZAMBIA--AUTOBIOGRAPHY aZAMBIA aMPOSHA, CLEVER